000 00628nam a2200181 a 4500
008 120416s1999 ||||||||||||||||| || u
020 _a0521669537
050 _aQE 534.2 She
100 _aShearer, Peter M
245 1 0 _aIntroduction to seismology
260 _aCambridge
_bThe University Press
_c1999.
300 _axii, 255p. : ill.
350 _a0.00
500 _aBibliography.
650 _aSeismology
650 _aGEOLOGY--STUDY AND TEACHING
995 _D0.00
_FCBU-MAIN LIBRARY (Kitwe)
_H1
_I39.00
_M1
_UAVAILABLE
_WAug 4, 2006
_ZMain Library Open Access Collection
999 _c47988
_d47988